<?xml version="1.0" encoding="UTF-8"?>
<record
    xmlns:xsi="http://www.w3.org/2001/XMLSchema-instance"
    xsi:schemaLocation="http://www.loc.gov/MARC21/slim http://www.loc.gov/standards/marcxml/schema/MARC21slim.xsd"
    xmlns="http://www.loc.gov/MARC21/slim">

  <leader>01028    a2200217   4500</leader>
  <controlfield tag="001">29568</controlfield>
  <controlfield tag="005">20260407155605.0</controlfield>
  <controlfield tag="008">260407a1969    arg                 spa d</controlfield>
  <controlfield tag="003">AR-UNSa-BCEJYS</controlfield>
  <datafield tag="040" ind1=" " ind2=" ">
    <subfield code="a">AR-UNSa-BCEJYS</subfield>
    <subfield code="b">spa</subfield>
    <subfield code="c">AR-UNSa-BCEJYS</subfield>
  </datafield>
  <datafield tag="080" ind1=" " ind2=" ">
    <subfield code="a">347.44</subfield>
    <subfield code="x">Contratos en general. Obligaciones </subfield>
  </datafield>
  <datafield tag="245" ind1="1" ind2="0">
    <subfield code="a">Manual de contratos</subfield>
  </datafield>
  <datafield tag="250" ind1=" " ind2=" ">
    <subfield code="a">4a. ed.</subfield>
  </datafield>
  <datafield tag="264" ind1=" " ind2="1">
    <subfield code="a">Buenos Aires :</subfield>
    <subfield code="b">Perrot</subfield>
    <subfield code="c">1969</subfield>
  </datafield>
  <datafield tag="300" ind1=" " ind2=" ">
    <subfield code="a">962 p.</subfield>
    <subfield code="c">23 cm.</subfield>
  </datafield>
  <datafield tag="505" ind1=" " ind2=" ">
    <subfield code="a">1. Nociones Generales - 2. El consentimiento en los contratos - 3. Elementos de los contratos - 4. Efectos de los contratos - 5. Resoluci&#xF3;n y extinci&#xF3;n de los contratos - 6. Compraventa y permuta - 7. Cesi&#xF3;n de derechos - 8. Locaci&#xF3;n de cosas - 9. Contrato de trabajo - 10. Locaci&#xF3;n de obra - 11. Sociedad - 12. Donaci&#xF3;n - 13. Mandato - 14. Gesti&#xF3;n de negocios ajenos sin mandato - 15. Fianza - 17. Contratos aleatorios - 18. Pr&#xE9;stamos - 19. Evicci&#xF3;n </subfield>
  </datafield>
  <datafield tag="041" ind1=" " ind2=" ">
    <subfield code="a">spa</subfield>
  </datafield>
  <datafield tag="942" ind1=" " ind2=" ">
    <subfield code="c">BK</subfield>
  </datafield>
  <datafield tag="590" ind1=" " ind2=" ">
    <subfield code="a">niveau_biblio:m niveau_hierar:0</subfield>
  </datafield>
  <datafield tag="100" ind1="1" ind2=" ">
    <subfield code="a">Borda, Guillermo A.</subfield>
  </datafield>
  <datafield tag="999" ind1=" " ind2=" ">
    <subfield code="c">1892</subfield>
    <subfield code="d">1892</subfield>
  </datafield>
  <datafield tag="952" ind1=" " ind2=" ">
    <subfield code="0">0</subfield>
    <subfield code="1">0</subfield>
    <subfield code="4">0</subfield>
    <subfield code="7">0</subfield>
    <subfield code="a">BCEJYS</subfield>
    <subfield code="b">BCEJYS</subfield>
    <subfield code="c">16</subfield>
    <subfield code="d">2026-04-07</subfield>
    <subfield code="l">0</subfield>
    <subfield code="o">347.44 B727 4ed.</subfield>
    <subfield code="p">L22862</subfield>
    <subfield code="r">2026-04-07 15:56:05</subfield>
    <subfield code="w">2026-04-07</subfield>
    <subfield code="y">L</subfield>
    <subfield code="z">P&#xC1;G 57 RPTA EN PARTE CENTRAL - DE INICIO A P&#xC1;G 50 Y P&#xC1;GINA 163 ROTAS EN ESQUINA SUPERIOR - DESDE P&#xC1;G 139 A 174 MARCADAS - TAPA SEMIDESPEGADA</subfield>
  </datafield>
  <datafield tag="952" ind1=" " ind2=" ">
    <subfield code="0">0</subfield>
    <subfield code="1">0</subfield>
    <subfield code="4">0</subfield>
    <subfield code="7">0</subfield>
    <subfield code="a">BCEJYS</subfield>
    <subfield code="b">BCEJYS</subfield>
    <subfield code="c">16</subfield>
    <subfield code="d">2026-04-07</subfield>
    <subfield code="l">0</subfield>
    <subfield code="o">347.44 B727 4ed.</subfield>
    <subfield code="p">L23634</subfield>
    <subfield code="r">2026-04-07 15:56:05</subfield>
    <subfield code="w">2026-04-07</subfield>
    <subfield code="y">L</subfield>
    <subfield code="z">L&#xC1;PIZ - LAPICERA - MANCHAS EN 1&#xB0; P&#xC1;GINA Y DESDE P&#xC1;G 13 A 20 </subfield>
  </datafield>
  <datafield tag="952" ind1=" " ind2=" ">
    <subfield code="0">0</subfield>
    <subfield code="1">0</subfield>
    <subfield code="4">0</subfield>
    <subfield code="7">0</subfield>
    <subfield code="a">BCEJYS</subfield>
    <subfield code="b">BCEJYS</subfield>
    <subfield code="c">16</subfield>
    <subfield code="d">2026-04-07</subfield>
    <subfield code="l">0</subfield>
    <subfield code="o">347.44 B727 4ed.</subfield>
    <subfield code="p">L23635</subfield>
    <subfield code="r">2026-04-07 15:56:05</subfield>
    <subfield code="w">2026-04-07</subfield>
    <subfield code="y">L</subfield>
    <subfield code="z">L&#xC1;PIZ - PEN&#xDA;LTIMA P&#xC1;G ROTA - P&#xC1;G 8 A 14 MANCHADAS</subfield>
  </datafield>
</record>
